Mozart (Record no. 159264)
[ view plain ]
| 000 -LEADER | |
|---|---|
| campo de control de longitud fija | 00762nam a2200193 i 4500 |
| 001 - NÚMERO DE CONTROL | |
| campo de control | 159264 |
| 003 - IDENTIFICADOR DE NÚMERO DE CONTROL | |
| campo de control | ES-MaACL |
| 005 - FECHA Y HORA DE LA ÚLTIMA TRANSACCIÓN | |
| campo de control | 20250520160804.0 |
| 008 - DATOS DE LONGITUD FIJA--INFORMACIÓN GENERAL | |
| campo de control de longitud fija | 011023s1881 sp |||| | spa d |
| 040 ## - FUENTE DE CATALOGACIÓN | |
| Centro catalogador/agencia de origen | CCPB | B |
| Lengua de catalogación | spa |
| Centro/agencia transcriptor | CCPB | B |
| 100 1# - ENTRADA PRINCIPAL--NOMBRE DE PERSONA | |
| Nombre de persona | Medina, Tristán. |
| 9 (RLIN) | 129791 |
| 245 10 - MENCIÓN DEL TÍTULO | |
| Título | Mozart |
| Resto del título | : ensayando su réquiem / |
| Mención de responsabilidad, etc. | por Tristán Medina. |
| 260 ## - PUBLICACIÓN, DISTRIBUCIÓN, ETC. | |
| Lugar de publicación, distribución, etc. | Madrid : |
| Nombre del editor, distribuidor, etc. | [s.n.], |
| Fecha de publicación, distribución, etc. | 1881 ( |
| Fabricante | Imprenta de Fortanet) |
| 300 ## - DESCRIPCIÓN FÍSICA | |
| Extensión | 162 p. ; |
| Dimensiones | 16 cm. |
| 596 ## - NOTA AL PIE DE IMPRENTA | |
| NOTA AL PIE DE IMPRENTA | Fecha de la cub. 1882. |
| 600 17 - PUNTO DE ACCESO ADICIONAL DE MATERIA--NOMBRE DE PERSONA | |
| Nombre de persona | Mozart, Wolfgang Amadeus, |
| Fechas asociadas al nombre | 1756-1791 |
| Fuente del encabezamiento o término | embne |
| 9 (RLIN) | 240565 |
| 852 ## - LOCALIZACIÓN | |
| Ubicación | ES-MaACL |
| Número de control de estantería | T-403-F-9 |
| Nota libre | -- Enc. hol. |
| -- | -- Dedicatoria ms. del autor a los socios del Ateneo de Madrid |
| condición física | -- Falto de la cub. original |
| Nota libre | -- Enc. en un vol. facticio |
| Estatus retirado | Estado de pérdida | Estado de daño | No para préstamo | Colección | Biblioteca de origen | Biblioteca actual | Ubicación en estantería | Fecha de adquisición | Total de préstamos | Signatura topográfica completa | Código de barras | Visto por última vez | Precio de reemplazo | Tipo de ítem Koha |
|---|---|---|---|---|---|---|---|---|---|---|---|---|---|---|
| Colección de folletos | Biblioteca del Ateneo de Madrid | Biblioteca del Ateneo de Madrid | Depósito folletos | 17/01/2008 | T-403-F-9 | 1166724 | 23/02/2023 | 23/02/2023 | Folleto |
